Faktory úspešnosti agrárnych podnikov v SR

Salvato in:
Dettagli Bibliografici
Autore principale: Szabo, Ľuboslav
Altri autori: Jankelová, Nadežda, 1966-
Natura: Capitolo di libro
Lingua:slovacco
Tags: Aggiungi Tag
Nessun Tag, puoi essere il primo ad aggiungerne!!

MARC

LEADER 00000nla$a2200000$$$4500
001 0060870
005 20240502071658.0
041 0 |a slo 
044 |a SK 
245 1 0 |a Faktory úspešnosti agrárnych podnikov v SR  |c Ľuboslav Szabo, Nadežda Jankelová 
100 1 |a Szabo, Ľuboslav 
700 1 |a Jankelová, Nadežda, 1966-